| 000 | 00615nmc a2200241 a 4500 | ||
|---|---|---|---|
| 003 | AR-X00000XY | ||
| 005 | 20251128211946.0 | ||
| 008 | 307020s2000 ||||||||||||||000 | spa|| | ||
| 020 | _a0-8092-0360-X | ||
| 040 | _cAR-X00000XY | ||
| 100 | 1 | _aFry, Edward Bernard | |
| 245 | 1 | 0 | _aReading drills |
| 260 |
_aLincolnwood _bJamestown Publishers _c2000 |
||
| 300 | 0 | _a170 p. | |
| 490 | 0 | _aJamestown's reading improvement | |
| 500 | 0 | _aNivel avanzado | |
| 650 | 4 | _aENSENANZA DE IDIOMAS | |
| 650 | 4 | _aINGLES | |
| 650 | 4 | _aVOCABULARIO | |
| 650 | 4 | _aEJERCICIOS DE APRENDIZAJE | |
| 942 | _cBK | ||
| 998 | _cNancy | ||
| 999 |
_c21799 _d21799 |
||